00485 2200193 4500001002100000005001500021035002000036008004100056245005700097100002300154250000600177260003700183300001100220084001400231082000800245650001400253990001200267990001200279INLIS00000000000010020240502104001 a0010-0424000076240502 0 ind 1 aEnsiklopedia Matematika ( K-Q ) /cAndini Septiasari aSeptiasari, Andini a1 aBandung :bPT. Indah Jaya,c2009 a64 hlm a510 AND e a510 4aNon Fiksi a0732551 a0732552